| 000 | 01595nam a2200349 c 4500 | ||
|---|---|---|---|
| 999 |
_c174021 _d174021 |
||
| 003 | BLK | ||
| 005 | 20231028005154.0 | ||
| 008 | 180411b bul|||||r ||||||| ||bul|| | ||
| 010 | _aKNG00182467000 | ||
| 040 | _aBLK | ||
| 041 |
_aBUL _cBUL |
||
| 080 |
_aАстрономия. Астрофизика. Космология. Геодезия _b52 _x(02.062) _z52(02.062) |
||
| 100 | 1 |
_aТомалевски, Георги Христов _eпърви автор _9367557 |
|
| 139 |
_aТомалевски, Георги Христов _bТ 69 |
||
| 245 | 1 | 0 |
_aАстрономия за народа _bЗа средна и горна училищна възраст _cГеорги Христов Томалевски; ил. Илия Бешков; * Илия Бешков Дунов. |
| 250 | _a2. доп. изд. | ||
| 257 | _aBGR | ||
| 260 |
_bНар. младеж _c1958 _aСофия |
||
| 300 |
_a348 с. _bс ил. _c20 см |
||
| 380 | _a5 | ||
| 500 | _aПълното име на ил. е Илия Бешков Дунов. - 1. изд. 1950. - 10 000 тир. | ||
| 650 | 4 |
_aАстрономия - популярна литература _9269926 |
|
| 700 |
_aБешков, Илия _gХудожник, карикатурист, илюстратор _d1901-1958 _qДунов, Илия Бешков _9364385 |
||
| 700 | 1 |
_aДунов, Илия Бешков _e* _9318077 |
|
| 852 | _aЦб 11373 | ||
| 856 | 4 | _qpdf | |
| 856 | 4 | _qpdf | |
| 942 |
_cKNG _n0 _02 _s1 |
||
| 944 |
_aCR _c24.09.2015 _k _lCRON CRON |
||
| 944 |
_aED _c20.09.2017 _kВася_Ганчева |
||
| 999 | _d174021 | ||